Loading...
| Fine Arts - Other Fine Arts | 0 | 4 | 0 | 0 | 40 | 69 | 98.00 | 0 | 1 |
| Fine Arts - Visual Fine Arts | 0 | 4 | 1 | 0 | 35 | 54 | 70.25 | 3 | 3 |
| Fine Arts - Classical Music | 0 | 3 | 0 | 0 | 30 | 38 | 70.33 | 2 | 2 |
| Philosophy | 0 | 3 | 0 | 0 | 30 | 61 | 66.00 | 1 | 2 |
| Science - Other Science | 0 | 2 | 0 | 1 | 20 | 102 | 112.00 | 0 | 0 |
| History - European History | 0 | 2 | 1 | 0 | 15 | 54 | 58.50 | 1 | 1 |
| Literature - American Literature | 0 | 2 | 1 | 0 | 15 | 52 | 71.50 | 0 | 2 |
| Literature - European Literature | 0 | 1 | 0 | 0 | 10 | 81 | 81.00 | 0 | 1 |
| History - American History | 0 | 1 | 0 | 0 | 10 | 61 | 61.00 | 0 | 1 |
| History - Other History | 0 | 1 | 0 | 0 | 10 | 50 | 50.00 | 0 | 1 |
| Literature - World/Other Literature | 0 | 1 | 0 | 0 | 10 | 97 | 97.00 | 0 | 1 |
| Science - Biology | 0 | 1 | 0 | 1 | 10 | 124 | 124.00 | 0 | 0 |
| Other Academic | 0 | 1 | 1 | 0 | 5 | 65 | 65.00 | 0 | 0 |
| Religion | 0 | 1 | 1 | 0 | 5 | 73 | 73.00 | 1 | 1 |
| Social Science | 0 | 1 | 1 | 1 | 5 | 105 | 105.00 | 0 | 0 |
| Geography/Current Events | 0 | 1 | 2 | 1 | 0 | 125 | 125.00 | 0 | 0 |
| Mythology | 0 | 1 | 2 | 0 | 0 | 58 | 58.00 | 0 | 1 |
| History - World History | 0 | 0 | 1 | 0 | -5 | 0.00 | 0 | 0 |